The Ultimate Henry VII Quiz - Statistics

General Stats
  • This quiz has been taken 19 times
  • The average score is 16 of 48
Answer Stats
Question Answer % Correct
Who was his mother, the source to his claim to the throne? Margaret Beaufort
83%
Who was his second legitimate son born in 1491? Henry Tudor (future Henry VIII)
75%
How old was his mother when he was born? 13 years old
67%
Who was his first legitimate son born in 1486? Arthur Tudor
67%
When Edward VI usurped Henry VI for the second time, where did Henry and his Uncle exile themselves to? Brittany
67%
What battle did Henry commanded that resulted in King Richard III dying and Henry Tudor becoming King Henry VII, on 22 August 1485? Battle of Bosworth Field
58%
Who did he have betrothed to his first legitimate son in 1489? Catherine of Aragon
58%
Who did Henry VII marry in 1486? Elizabeth of York
58%
Who succeeded him as King of England? his son, Henry VIII
58%
What was the name of the man, who was believed by the Emperor Maximilian, Kings of Scotland and France that he was the younger son (Richard) of Edward IV? Perkin Warbeck
58%
When did his eldest son get married? 14 November 1501
50%
When did Henry VII die? 21 April 1509
50%
When did both the pretender of Edward IV son and Earl of Warwick both get executed because they attempted to escape the Tower of London? 23 and 28 November 1499
50%
How many years did it take Henry VII to capture above from when he first claimed to be the younger son of Edward IV? 7 years
50%
Who was his father? Edmund Tudor
50%
Who was his uncle? (who he grew up with) Jasper Tudor
50%
When was he born? 28 January 1457
42%
When did his mother die? 29 June 1509
42%
When did his eldest son die? 2 April 1502
42%
What battle took place that involved above? Battle of Stoke Field
42%
Who did Henry VII quickly have imprisoned in the Tower of London after battle? Edward Plantagenet, Earl of Warwick
42%
What was the name of the boy, who was crowned King of England in 1487 (in Dublin), given troops to invade by the regent of Burgundy and ultimately put to work in the Royal kitchen as a spit-turner? Lambert Simnel
42%
Where was he born? Pembroke Castle, Pembrokeshire, Wales
42%
When did his wife and Queen die? 11 February 1503
33%
Who did he have betrothed to his eldest legitimate daughter, Margaret Tudor? James IV of Scotland
33%
What son of Edward III is Henry IV and Henry Tudor related to and owe their claims to the throne from? John of Gaunt, Duke of Lancaster
33%
What former Duchess and Regent of Burgundy was significant to the plots of both 1487 and 1491? Margaret of York
33%
What house was he born into? Tudor
33%
Where was he buried? Westminster Abbey
33%
How many known mistresses did Henry VII have during his reign? 0
25%
Where did Henry and his troops land on 7 August 1485? Mills Bay, Pembrokeshire, Wales
25%
What day did Henry VII declare himself king, therefore making any who fought for Richard III traitors? 21 August 1485
17%
When did his father die? 3 months before he was born (3 November 1456)
17%
Who led Henry VII commissioned voyage, who became the first Europeans since the Vikings to land in mainland America, in 1497? John Cabot
17%
What did Henry VII die of? tuberculosis
17%
What French King gave Henry troops and equipment to invade England in 1485? Charles VIII, King of France
8%
Who did Henry and his mother create an alliance with upon the death of Edward IV, in 1483? Elizabeth Woodville
8%
Who was the Duke of Brittany 1458-1488? Francis II, Duke of Burgundy
8%
What plot was arranged to be acted in easter 1486 to ambush and assassinate the King but failed due to the conspirators underestimating the King's bodyguard? Stafford and Lovell's rebellion
8%
When was Henry VII coronated? 30 August 1485
0%
Who was his maternal-grandmother? Catherine of Valois (widow of Henry V)
0%
Who led the failed rebellion in October 1483, first planned to rescue "the princes of the tower" but secondly planned to put Henry on the throne, however failed because of a storm? Henry Stafford, Duke of Buckingham
0%
What were the names of his paternal-grandfather and paternal great-grandfather (latter legitimised by Henry IV)? John Beaufort, Duke/Earl of Somerset
0%
What important important ally accompanied Henry and his Uncle through Wales? John de Vere, Earl of Oxford
0%
Who was his maternal-grandfather? Owen Tudor
0%
What King of Wales (Deheubarth) was Henry agnatically descended from that created large Welsh support? Rhys ap Gruffydd
0%
What Act of Parliament did Henry VII have repealed, re-legitimising his wife? Titulus Regius
0%
When Edward VI became King, who was granted the lands of Pembroke and assumed the guardianship of Henry and his mother until 1469? William Herbert
0%
No matching quizzes found
Score Distribution
Percent of People with Each Score
Percentile by Number Answered
Your Score History
You have not taken this quiz